| 000 | 00319nam a2200121Ia 4500 | ||
|---|---|---|---|
| 008 | 240731s9999 xx 000 0 und d | ||
| 022 | _a1476-9344 | ||
| 245 | 0 | _aEuropean Journal of Information Systems | |
| 260 | _bTaylor & Francis | ||
| 856 | _uhttps://www.tandfonline.com/loi/tjis20 | ||
| 942 | _2ddc | ||
| 942 | _cTFEJ | ||
| 999 |
_c76520 _d76520 |
||
| 945 |
_a1 _bMadushi Gamage _c1 _dMadushi Gamage |
||